00908cam a22002417a 4500001001000000003000500010005001700015008004100032010001000073011001000083035001100093040000900104100003400113245018300147260004100330300001000371502008700381650002200468650005400490650004000544856006600584856001600650000092901CHAP20220329142910.0050121d2004 mx r 00110 spa d a89367 a90339 a100895 cCHAP00aCoatzín Ramírez, Rogelio.10aEfecto del aislamiento geográfico en germinación, descripción morfológica y tratamientos pregerminativos de Guaiacum coulteri A. Gray /c/por Rogelio Coatzín Ramírez. aChapingo, Méx. :bEl autor,c2004. a53 h. aTesis (Maestro en Ciencias Forestales) - - UACH. División de Ciencias Forestales14aGuaiacun couteri.14aSemillas forestalesxFisiología y morfología.14aSemillas forestalesxGerminación. 3Finding aiduhttp://10.13.5.2/tesis/100895.pdfzTeclea aquí a1 n0001648